000 00635nam a2200217 i 4500
003 DO-SdBNP
005 20241121095545.0
007 ta
008 190723s1986 000 spa d
040 _aDO-SdBNP
_bspa
_cBNPHU
_erda
082 _a972.9304
_bM935r
_222
245 0 _aMovimiento restaurador de la República Dominicana 1861-1865.
264 _aSanto Domingo :
_bImpresos Diversos,
_c1986.
300 _a118 páginas :
_b22 cm
336 _2rdacontent
_atexto
_btxt
337 _2rdamedia
_asin mediación
_bn
338 _2rdacarrier
_avolumen
_bnc
590 _aInventariado, 2024 / DG
910 _aDG
942 _2ddc
_cLBS1
999 _c48636
_d48636